| 000 | 00464nam a2200169 a 4500 | ||
|---|---|---|---|
| 001 | 1777708524118 | ||
| 003 | YourLibrary | ||
| 005 | 20260502132953.0 | ||
| 008 | 260502s2026##################000#0#eng## | ||
| 020 | _a9788184730951 | ||
| 082 | 0 | 4 |
_a343.04 _bPAD |
| 100 | 1 |
_aKhincha, K.K. Chythanya H. Padamchand, _eauthor. |
|
| 245 | 1 | 0 | _aTax Holiday Under Sections 10A and 10B : |
| 300 | _a436 pages | ||
| 942 | _cENGLISH | ||
| 040 |
_aYourLibrary _beng _cYourLibrary |
||
| 999 |
_c622033 _d622033 |
||